000 00975nam a2200289 i 4500
001 000021196
003 DO-SdBNP
005 20250423102717.0
007 ta
008 100902s2004 cr ac 000 0 spa d
040 _aDO-SdBNP
_bspa
_cBNPHU
_erda
049 _aBNPD
082 4 _a362.1969792
_bA173v
_222
245 0 0 _aAcercándonos :
_bel VIH/SIDA en América Latina y el Caribe.
246 1 4 _aMitos, realidades y respuestas
264 1 _aSan José, Costa Rica :
_bOficina Regional para América Latina,
_c2004.
300 _a127 páginas :
_bilustraciones, retratos ;
_c29 cm.
336 _atexto
_btxt
_2rdacontent
337 _asin mediación
_bn
_2rdamedia
338 _avolumen
_bnc
_2rdacarrier
650 0 _aSIDA (Enfermedad)
_xPrevención y control
_952709
650 4 _aInfecciones por VIH
_96990
650 4 _aSida
_zAmérica Latina
_944319
650 4 _aSida
_zCaribe (Región{Rpara}
_944320
910 _aValidado. Control de calidad MFF
942 _2ddc
_cLBS1
999 _c20697
_d20697